Guess The U.S State By Cities - Statistics

General Stats
  • This quiz has been taken 107 times
    63 since last reset
  • The average score is 23 of 26
Answer Stats
City Answer % Correct
Atlanta Georgia
98%
Phoenix Arizona
94%
San Francisco California
94%
Los Angeles California
94%
San Diego California
94%
Miami Florida
94%
Detroit Michigan
94%
Las Vegas Nevada
94%
Houston Texas
94%
Dallas Texas
94%
Denver Colorado
93%
Boston Massachusetts
91%
New York New York
91%
Columbus Ohio
91%
Nashville Tennessee
91%
Indianapolis Indiana
89%
Sacramento California
87%
Chicago Illinois
87%
Baltimore Maryland
87%
San Antonio Texas
83%
Seattle Washington
83%
Jacksonville Florida
81%
Philadelphia Pennsylvania
81%
Portland Oregon
80%
New Orleans Louisiana
78%
Cincinatti Ohio
74%
No matching quizzes found
Score Distribution
Percent of People with Each Score
Percentile by Number Answered
Your Score History
You have not taken this quiz since the last reset